UK High Street Shops - Statistics

General Stats
  • This quiz has been taken 269 times
  • The average score is 15 of 20
Answer Stats
Business Shop % Correct
Department Store {Marks} & Spencer
98%
Department Store {John} Lewis
94%
Newsagent W.H. {Smith}
93%
Mobile phones Carphone {Warehouse}
91%
Sports clothing & equipment Sports {Direct}
91%
Health food {Holland} & Barrett
89%
Clothing River {Island}
89%
Dining Frankie & {Benny's}
86%
Women's clothing {Dorothy} Perkins
83%
Dining Pret a {Manger}
82%
Department Store House of {Fraser}
81%
Optician Vision {Express}
80%
Health & Beauty The {Body} Shop
78%
Discount store Home {Bargains}
75%
Menswear Moss {Bros.}
59%
Outdoor clothing & equipment {Mountain} Warehouse
56%
Knitwear Edinburgh Woollen {Mill}
54%
Hardware, gardening {Robert} Dyas
47%
Fashion Cath {Kidston}
43%
Dining Cafe {Rouge}
39%
No matching quizzes found
Score Distribution
Percent of People with Each Score
Percentile by Number Answered
Your Score History
You have not taken this quiz